[Event "Paignton Ron Bruce Premier"]
[Site "Paignton"]
[Date "2010.09.06"]
[Round "2"]
[White "Mordue, A Tyson"]
[Black "Crombleholme, Alan K"]
[Result "1-0"]
[WhiteElo "2258"]
[BlackElo "2105"]
[PlyCount "75"]
[EventDate "2010.09.05"]
[EventType "swiss"]
[EventRounds "7"]
[EventCountry "ENG"]

1. e4 e5 2. Nf3 Nc6 3. Bb5 a6 4. Ba4 Nf6 5. O-O Nxe4 6. d4 b5 7. Bb3 d5 8. dxe5
Be6 9. Qe2 Be7 10. Rd1 O-O 11. c4 bxc4 12. Bxc4 Na5 13. Bd3 Nc5 14. Bc2 Nc6 15.
Be3 Nb4 16. Nd4 Qd7 17. Nc3 Nxc2 18. Qxc2 Nb7 19. Na4 Rfc8 20. Nc6 Bc5 21. Nxc5
Qxc6 22. Rac1 Nxc5 23. Bxc5 Rab8 24. Rd4 Qd7 25. b3 Qd8 26. Qe2 Ra8 27. Qh5 h6
28. f4 f5 29. exf6 Qxf6 30. Qd1 Bf7 31. Qd2 Re8 32. Rb4 Qe6 33. Bd4 Qg4 34. h3
Re2 35. hxg4 Rxd2 36. Rxc7 Re8 37. Be5 Rxa2 38. Rbb7 1-0

[Event "Paignton Ron Bruce Premier"]
[Site "Paignton"]
[Date "2010.09.06"]
[Round "2"]
[White "Pickersgill, Adrian O"]
[Black "Gill, Neville B K"]
[Result "0-1"]
[WhiteElo "2030"]
[BlackElo "2115"]
[PlyCount "76"]
[EventDate "2010.09.05"]
[EventType "swiss"]
[EventRounds "7"]
[EventCountry "ENG"]

1. e4 e5 2. Bb5 c6 3. Ba4 Nf6 4. Nc3 b5 5. Bb3 b4 6. Na4 Nxe4 7. Nf3 Be7 8. d3
Nf6 9. Nxe5 O-O 10. O-O d6 11. Nf3 Bg4 12. h3 Bh5 13. Bd2 d5 14. Re1 Nbd7 15.
c3 bxc3 16. bxc3 Bd6 17. d4 Qc7 18. Bc2 Rae8 19. g4 Bg6 20. Bxg6 hxg6 21. Qc2
Ne4 22. Be3 f5 23. gxf5 gxf5 24. c4 Ndf6 25. cxd5 Nxd5 26. Rac1 Re6 27. Nc5
Rg6+ 28. Kf1 Nxe3+ 29. Rxe3 Nxc5 30. dxc5 Bf4 31. Qc4+ Kh8 32. Nd4 Rh6 33. Nxf5
Bxe3 34. Nxe3 Qg3 35. Ng4 Rxh3 36. Ke1 Rh1+ 37. Kd2 Rxf2+ 38. Nxf2 Qxf2+ 0-1

[Event "Paignton Ron Bruce Premier"]
[Site "Paignton"]
[Date "2010.09.06"]
[Round "2"]
[White "Webster, Richard J"]
[Black "Wheeler, John Francis"]
[Result "0-1"]
[WhiteElo "1956"]
[BlackElo "2120"]
[PlyCount "78"]
[EventDate "2010.09.05"]
[EventType "swiss"]
[EventRounds "7"]
[EventCountry "ENG"]

1. e4 e5 2. Nf3 Nf6 3. d4 Nxe4 4. Nxe5 d5 5. Bd3 Bd6 6. O-O O-O 7. c4 Nc6 8.
Nxc6 bxc6 9. Nc3 Re8 10. Nxe4 dxe4 11. Be2 Rb8 12. b3 Qf6 13. Be3 Qg6 14. Bh5
Qf6 15. Be2 Be6 16. Kh1 Rbd8 17. Qe1 c5 18. dxc5 Be5 19. Rc1 Qg6 20. Rd1 f5 21.
Rxd8 Rxd8 22. Qc1 Qf7 23. Rd1 Rxd1+ 24. Qxd1 h6 25. c6 Qe8 26. Bd4 Bxd4 27.
Qxd4 Qxc6 28. Qxa7 Qd6 29. Qe3 Qe5 30. Qc1 Qd4 31. Kg1 Kf7 32. g3 Bc8 33. c5
Kf6 34. a3 Be6 35. b4 Bd5 36. Bf1 g5 37. Be2 e3 38. f3 g4 39. Qf1 gxf3 0-1

[Event "Paignton Ron Bruce Premier"]
[Site "Paignton"]
[Date "2010.09.07"]
[Round "3"]
[White "Brusey, Alan W"]
[Black "Hassall, Mark Ian"]
[Result "0-1"]
[WhiteElo "2045"]
[BlackElo "1942"]
[PlyCount "43"]
[EventDate "2010.09.05"]
[EventType "swiss"]
[EventRounds "7"]
[EventCountry "ENG"]

1. e4 c5 2. Nf3 e6 3. c3 Nf6 4. e5 Nd5 5. d4 cxd4 6. Qxd4 Nc6 7. Qe4 d6 8. Bb5
Bd7 9. c4 Nc7 10. exd6 Bxd6 11. O-O a6 12. Ba4 b5 13. cxb5 axb5 14. Bb3 Na5 15.
Bc2 Bc6 16. Qd3 Be7 17. Nd4 Bf6 18. Nxc6 Nxc6 19. Nc3 Nb4 20. Qxd8+ Bxd8 21.
Be4 O-O 22. Be3 {The remainder of the score cannot be deciphered} 0-1

[Event "Paignton Ron Bruce Premier"]
[Site "Paignton"]
[Date "2010.09.07"]
[Round "3"]
[White "Crombleholme, Alan K"]
[Black "Jenks, Chris Bruce"]
[Result "1-0"]
[WhiteElo "2105"]
[BlackElo "2124"]
[PlyCount "107"]
[EventDate "2010.09.05"]
[EventType "swiss"]
[EventRounds "7"]
[EventCountry "ENG"]

1. c4 b6 2. Nf3 Bb7 3. d4 e6 4. a3 d6 5. Nc3 f5 6. g3 Nf6 7. Bg2 Nbd7 8. O-O
Be7 9. Ng5 Bxg2 10. Nxe6 Qc8 11. Kxg2 Nf8 12. Qa4+ Kf7 13. Ng5+ Kg6 14. f3 h6
15. Nh3 Kh7 16. Qc2 g6 17. e4 fxe4 18. Nxe4 Kg7 19. b3 d5 20. Nxf6 Bxf6 21.
cxd5 Qd7 22. Bb2 g5 23. Rac1 Rc8 24. Qc6 Qxc6 25. Rxc6 Ng6 26. Rfc1 Ne7 27.
Rxc7 Rcd8 28. Re1 Rhe8 29. Nf2 Kg6 30. Nd3 Nxd5 31. Rcc1 Ne7 32. Kf2 Nf5 33.
Rxe8 Rxe8 34. Ne5+ Kg7 35. Rc7+ Re7 36. Rxe7+ Nxe7 37. Ke3 Bxe5 38. dxe5 Kf7
39. Ke4 Ke6 40. Bd4 h5 41. Be3 g4 42. fxg4 hxg4 43. Bd4 Nd5 44. a4 a6 45. Bb2
b5 46. axb5 axb5 47. Bd4 b4 48. Bb2 Ne7 49. Kf4 Nc6 50. Kxg4 Na5 51. h4 Nxb3
52. h5 Nd4 53. h6 Kf7 54. e6+ 1-0

[Event "Paignton Ron Bruce Premier"]
[Site "Paignton"]
[Date "2010.09.07"]
[Round "3"]
[White "Feavyour, John A"]
[Black "Mordue, A Tyson"]
[Result "1/2-1/2"]
[WhiteElo "2064"]
[BlackElo "2258"]
[PlyCount "57"]
[EventDate "2010.09.05"]
[EventType "swiss"]
[EventRounds "7"]
[EventCountry "ENG"]

1. d4 Nf6 2. c4 g6 3. Nc3 Bg7 4. e4 d6 5. f4 O-O 6. Nf3 c5 7. d5 e6 8. dxe6
Bxe6 9. Bd3 Bg4 10. O-O Nc6 11. h3 Bxf3 12. Qxf3 Nd4 13. Qf2 Nd7 14. Be3 f5 15.
Rad1 Qa5 16. exf5 gxf5 17. Kh2 Rae8 18. Bb1 a6 19. Rg1 Qd8 20. Nd5 Nf6 21.
Nxf6+ Bxf6 22. Rge1 Bh4 23. g3 Bf6 24. Qg2 Qd7 25. Bxd4 Bxd4 26. Qd5+ Kh8 27.
b4 Bc3 28. Rg1 cxb4 29. Qxd6 1/2-1/2

[Event "Paignton Ron Bruce Premier"]
[Site "Paignton"]
[Date "2010.09.07"]
[Round "3"]
[White "French, Angus"]
[Black "Bass, John"]
[Result "0-1"]
[WhiteElo "2129"]
[BlackElo "2041"]
[PlyCount "68"]
[EventDate "2010.09.05"]
[EventType "swiss"]
[EventRounds "7"]
[EventCountry "ENG"]

1. e4 c5 2. c3 d5 3. exd5 Qxd5 4. d4 e6 5. Na3 Nf6 6. Nb5 Na6 7. Be3 cxd4 8.
Qxd4 Qxd4 9. Bxd4 b6 10. Be5 Bb7 11. Rd1 Be7 12. Nd6+ Bxd6 13. Bxd6 O-O-O 14.
f3 Nd5 15. Be5 f6 16. Bd4 e5 17. Bf2 Nf4 18. Be3 Rxd1+ 19. Kxd1 Rd8+ 20. Kc2
Nd5 21. Bc1 Nc5 22. Nh3 Kb8 23. Be2 Bc8 24. b4 Bf5+ 25. Kb2 Na4+ 26. Kb3 Naxc3
27. Bf1 Rc8 28. Bc4 b5 29. Bxd5 Nxd5 30. Bd2 Nb6 31. Bc1 Na4 32. Bd2 Rc7 33.
Rd1 Rc2 34. Ka3 Be6 0-1

[Event "Paignton Ron Bruce Premier"]
[Site "Paignton"]
[Date "2010.09.07"]
[Round "3"]
[White "Gill, Neville B K"]
[Black "Almond, Richard"]
[Result "1/2-1/2"]
[WhiteElo "2115"]
[BlackElo "2130"]
[PlyCount "65"]
[EventDate "2010.09.05"]
[EventType "swiss"]
[EventRounds "7"]
[EventCountry "ENG"]

1. d4 d5 2. c4 e6 3. Nc3 Nf6 4. Bg5 Be7 5. Nf3 O-O 6. e3 Nbd7 7. Rc1 c6 8. Bd3
dxc4 9. Bxc4 b5 10. Bd3 Bb7 11. e4 a6 12. e5 Ne8 13. Bxe7 Qxe7 14. Ne4 f5 15.
exf6 Nexf6 16. O-O c5 17. Nxc5 Nxc5 18. dxc5 Bd5 19. Ne5 Rac8 20. b4 Bxa2 21.
Qe2 Bd5 22. Ng4 Nxg4 23. Qxg4 Qc7 24. Be4 Rf4 25. Bxd5 exd5 26. Qe6+ Kh8 27.
Qxd5 Rxb4 28. Rfd1 h6 29. h3 a5 30. Qe6 Rc4 31. Rxc4 bxc4 32. Qxc4 Qc6 33. Rd4
1/2-1/2

[Event "Paignton Ron Bruce Premier"]
[Site "Paignton"]
[Date "2010.09.07"]
[Round "3"]
[White "Hickman, John E"]
[Black "Hempson, Peter W"]
[Result "1/2-1/2"]
[WhiteElo "2012"]
[BlackElo "2111"]
[PlyCount "42"]
[EventDate "2010.09.05"]
[EventType "swiss"]
[EventRounds "7"]
[EventCountry "ENG"]

1. Nf3 d5 2. g3 Nd7 3. d3 e5 4. Nbd2 Ngf6 5. e4 dxe4 6. Nxe4 Nxe4 7. dxe4 Bc5
8. Bc4 O-O 9. Bg5 Be7 10. h4 h6 11. Be3 Bd6 12. Qd2 Nb6 13. Bb3 Be6 14. Bxe6
fxe6 15. Qe2 Qf6 16. Nh2 Qg6 17. Qg4 Qxg4 18. Nxg4 h5 19. Bxb6 axb6 20. Ne3 Bc5
21. Ke2 Ra4 1/2-1/2

[Event "Paignton Ron Bruce Premier"]
[Site "Paignton"]
[Date "2010.09.07"]
[Round "3"]
[White "Isherwood, Paul"]
[Black "Thompson, Robert"]
[Result "1/2-1/2"]
[WhiteElo "2017"]
[BlackElo "1895"]
[PlyCount "40"]
[EventDate "2010.09.05"]
[EventType "swiss"]
[EventRounds "7"]
[EventCountry "ENG"]

1. d4 Nf6 2. Nf3 g6 3. Nbd2 d5 4. e3 Bg7 5. Bd3 O-O 6. O-O Nbd7 7. c3 c5 8. h3
a6 9. b4 b6 10. e4 dxe4 11. Nxe4 Bb7 12. Nxf6+ Bxf6 13. Bh6 Re8 14. Bc4 e6 15.
Re1 Qc7 16. d5 exd5 17. Rxe8+ Rxe8 18. Bxd5 Bxd5 19. Qxd5 Ne5 20. Nxe5 Bxe5
1/2-1/2

[Event "Paignton Ron Bruce Premier"]
[Site "Paignton"]
[Date "2010.09.07"]
[Round "3"]
[White "James, Russell A"]
[Black "Spanton, Timothy R"]
[Result "0-1"]
[WhiteElo "2202"]
[BlackElo "2020"]
[PlyCount "42"]
[EventDate "2010.09.05"]
[EventType "swiss"]
[EventRounds "7"]
[EventCountry "ENG"]

1. e4 e5 2. Nf3 Nc6 3. d4 exd4 4. Nxd4 Bc5 5. Nxc6 Qf6 6. Qf3 dxc6 7. Qxf6 Nxf6
8. f3 Be6 9. Nc3 O-O-O 10. Bd3 Nd7 11. f4 Nf6 12. f5 Bd7 13. Bg5 Bd4 14. O-O-O
Rde8 15. Rde1 Bxc3 16. bxc3 Ng4 17. Bf4 Ne5 18. g4 f6 19. Bxe5 Rxe5 20. h4 Rhe8
21. Kd2 c5 {The remainder of the score cannot be deciphered.} 0-1

[Event "Paignton Ron Bruce Premier"]
[Site "Paignton"]
[Date "2010.09.07"]
[Round "3"]
[White "Kemp, Paul R"]
[Black "Taylor, Geoffrey P"]
[Result "1-0"]
[WhiteElo "2106"]
[BlackElo "1957"]
[PlyCount "73"]
[EventDate "2010.09.05"]
[EventType "swiss"]
[EventRounds "7"]
[EventCountry "ENG"]

1. e4 c5 2. c3 d5 3. exd5 Qxd5 4. d4 Nc6 5. Nf3 Bg4 6. Be2 e6 7. O-O Nf6 8. h3
Bh5 9. Be3 cxd4 10. Nxd4 Bxe2 11. Qxe2 Nxd4 12. Bxd4 Be7 13. Rd1 Qc6 14. Nd2
O-O 15. Nf3 b6 16. a4 Rfc8 17. Ne5 Qb7 18. a5 Bc5 19. a6 Qc7 20. Ng4 Nxg4 21.
Qxg4 Bf8 22. Be3 Qc6 23. Qa4 b5 24. Qa5 Bd6 25. Rd3 Bc7 26. Qa3 h6 27. Rad1 Qe4
28. Qe7 Qe5 29. Rd7 Qh2+ 30. Kf1 Qh1+ 31. Ke2 Qxg2 32. Rxc7 Re8 33. Qxf7+ Kh8
34. Rdd7 Rg8 35. Bxh6 Qe4+ 36. Kd2 Rad8 37. Bxg7+ 1-0

[Event "Paignton Ron Bruce Premier"]
[Site "Paignton"]
[Date "2010.09.07"]
[Round "3"]
[White "Lewyk, Ihor"]
[Black "Hurwitz, Ed"]
[Result "1/2-1/2"]
[WhiteElo "2110"]
[BlackElo "2011"]
[PlyCount "43"]
[EventDate "2010.09.05"]
[EventType "swiss"]
[EventRounds "7"]
[EventCountry "ENG"]

1. e4 e6 2. d4 d5 3. exd5 exd5 4. Bd3 Nc6 5. Nf3 Bd6 6. O-O Bg4 7. Re1+ Nge7 8.
c3 Qd7 9. b4 O-O 10. Bg5 f6 11. Bh4 Bf5 12. Bg3 Bxg3 13. hxg3 Rae8 14. Qc2 Bxd3
15. Qxd3 Nc8 16. Nbd2 Nd6 17. Nb3 b6 18. Nfd2 Qf5 19. Qxf5 Nxf5 20. Kf1 Kf7 21.
Rxe8 Rxe8 22. Re1 1/2-1/2

[Event "Paignton Ron Bruce Premier"]
[Site "Paignton"]
[Date "2010.09.07"]
[Round "3"]
[White "Littlejohns, David P"]
[Black "Hodgson, John H"]
[Result "1/2-1/2"]
[WhiteElo "2064"]
[BlackElo "2179"]
[PlyCount "38"]
[EventDate "2010.09.05"]
[EventType "swiss"]
[EventRounds "7"]
[EventCountry "ENG"]

1. e4 c5 2. Nc3 Nc6 3. g3 g6 4. Bg2 Bg7 5. d3 d6 6. Nf3 e5 7. Nd5 Nce7 8. Nxe7
Nxe7 9. O-O O-O 10. c3 b6 11. Be3 Ba6 12. c4 h6 13. Nd2 Bb7 14. Nb1 f5 15. Nc3
f4 16. Bd2 g5 17. f3 Bc8 18. g4 Be6 19. a3 Nc6 1/2-1/2

[Event "Paignton Ron Bruce Premier"]
[Site "Paignton"]
[Date "2010.09.07"]
[Round "3"]
[White "McKenna, Jason P"]
[Black "Pickersgill, Adrian O"]
[Result "0-1"]
[WhiteElo "2082"]
[BlackElo "2030"]
[PlyCount "104"]
[EventDate "2010.09.05"]
[EventType "swiss"]
[EventRounds "7"]
[EventCountry "ENG"]

1. e4 d5 2. exd5 Qxd5 3. Nc3 Qa5 4. Bc4 c6 5. d4 Nf6 6. Nf3 Bf5 7. Bd2 e6 8.
Qe2 Bb4 9. Ne5 Nbd7 10. Nxd7 Nxd7 11. a3 O-O 12. O-O Bxc3 13. Bxc3 Qc7 14. Rad1
Nf6 15. Bd3 Bxd3 16. Rxd3 Nd5 17. Bd2 Nf4 18. Bxf4 Qxf4 19. Qe5 Qf6 20. Re1
Rfd8 21. Qxf6 gxf6 22. Re4 Rd5 23. Rf3 Kg7 24. Ref4 f5 25. g4 Rg8 26. gxf5 Kf6+
27. Kf1 Rxf5 28. Rxf5+ exf5 29. Rb3 b6 30. Rc3 Rc8 31. b4 Ke6 32. Rh3 Rh8 33.
Ke2 h5 34. Kd3 Rh6 35. Rg3 Rg6 36. Rxg6+ fxg6 37. f4 b5 38. h4 Kd5 39. c3 a6
40. c4+ bxc4+ 41. Kc3 Ke4 42. a4 Kxf4 43. d5 cxd5 44. b5 axb5 45. a5 Ke3 46. a6
d4+ 47. Kb4 d3 48. a7 d2 49. a8=Q d1=Q 50. Kxb5 c3 51. Qe8+ Kf2 52. Qxg6 Qd3+
0-1

[Event "Paignton Ron Bruce Premier"]
[Site "Paignton"]
[Date "2010.09.07"]
[Round "3"]
[White "Simons, Martin J"]
[Black "Arkell, Keith C"]
[Result "0-1"]
[WhiteElo "2178"]
[BlackElo "2439"]
[PlyCount "104"]
[EventDate "2010.09.05"]
[EventType "swiss"]
[EventRounds "7"]
[EventCountry "ENG"]

1. e4 c6 2. d4 d5 3. f3 e6 4. Nc3 Bb4 5. Bd2 Nd7 6. Bd3 Ne7 7. a3 Ba5 8. Qe2
O-O 9. Nh3 Bb6 10. Be3 e5 11. Qf2 exd4 12. Bxd4 c5 13. Bxg7 Kxg7 14. exd5 Ng6
15. Bxg6 hxg6 16. O-O-O c4 17. Qe2 Re8 18. Qxc4 Ne5 19. Qf4 Bxh3 20. gxh3 Qf6
21. Qxf6+ Kxf6 22. d6 Kg7 23. Nd5 Nxf3 24. Rd3 Ne5 25. Rb3 Nd7 26. Rb5 Rab8 27.
Rd1 Re2 28. c4 Rc8 29. b3 Rc6 30. a4 Rxd6 31. Nxb6 Rxb6 32. Rxd7 Rf6 33. Rd2
Re1+ 34. Rd1 Re7 35. Rbd5 Rf3 36. R5d3 Ree3 37. Rxe3 Rxe3 38. Kc2 Rxh3 39. Rd2
a5 40. Kb2 g5 41. c5 g4 42. Rg2 f5 43. b4 axb4 44. a5 Ra3 45. a6 Rxa6 46. Kb3
Kf6 47. Kxb4 Kg5 48. Kc4 Rf6 49. h3 b6 50. cxb6 Rxb6 51. hxg4 fxg4 52. Kd4 Re6
0-1

[Event "Paignton Ron Bruce Premier"]
[Site "Paignton"]
[Date "2010.09.07"]
[Round "3"]
[White "Wells, Jonathan C"]
[Black "Brown, Alan M"]
[Result "1/2-1/2"]
[WhiteElo "2072"]
[BlackElo "2106"]
[PlyCount "53"]
[EventDate "2010.09.05"]
[EventType "swiss"]
[EventRounds "7"]
[EventCountry "ENG"]

1. d4 Nf6 2. c4 e6 3. g3 c5 4. d5 d6 5. Nc3 Be7 6. Bg2 O-O 7. e4 Na6 8. Nge2
Nc7 9. O-O Rb8 10. a4 Nd7 11. dxe6 fxe6 12. f4 Ne8 13. Qd3 e5 14. f5 Ra8 15.
Nd5 Bg5 16. Ne3 Nb8 17. h4 Bxe3+ 18. Bxe3 Nc6 19. Kh2 Nf6 20. Bh3 Nd4 21. Nxd4
cxd4 22. Bg5 Qb6 23. b3 Nd7 24. a5 Qc7 25. b4 h6 26. Bd2 Nf6 27. g4 1/2-1/2

[Event "Paignton Ron Bruce Premier"]
[Site "Paignton"]
[Date "2010.09.07"]
[Round "3"]
[White "Wheeler, John Francis"]
[Black "Jordan, Dirk"]
[Result "1/2-1/2"]
[WhiteElo "2120"]
[BlackElo "2170"]
[PlyCount "47"]
[EventDate "2010.09.05"]
[EventType "swiss"]
[EventRounds "7"]
[EventCountry "ENG"]

1. d4 d5 2. c4 c6 3. Nf3 Nf6 4. Nc3 dxc4 5. a4 Na6 6. e4 Bg4 7. Bxc4 e6 8. O-O
Nb4 9. Be2 Be7 10. Be3 O-O 11. Ne5 Bxe2 12. Qxe2 Rc8 13. Rfd1 Qa5 14. Nc4 Qa6
15. b3 Rfd8 16. a5 Rd7 17. Ra4 Rcd8 18. f3 c5 19. Ne5 Qxe2 20. Nxe2 Rc7 21. Rc1
Na6 22. Rac4 Re8 23. dxc5 Bxc5 24. Bxc5 1/2-1/2

[Event "Paignton Ron Bruce Premier"]
[Site "Paignton"]
[Date "2010.09.08"]
[Round "4"]
[White "Almond, Richard"]
[Black "Hickman, John E"]
[Result "1-0"]
[WhiteElo "2130"]
[BlackElo "2012"]
[PlyCount "89"]
[EventDate "2010.09.05"]
[EventType "swiss"]
[EventRounds "7"]
[EventCountry "ENG"]

1. d4 d6 2. Nf3 g6 3. c4 Bg7 4. Nc3 Nf6 5. e4 O-O 6. Be2 e5 7. O-O Nbd7 8. Qc2
c6 9. Rd1 Qc7 10. h3 Re8 11. Be3 exd4 12. Nxd4 Nc5 13. f3 a5 14. Qd2 a4 15. Nc2
Re6 16. Bd4 Qa5 17. b4 Qa7 18. bxc5 dxc5 19. Be3 Ne8 20. Qe1 Qa5 21. Rd3 b5 22.
Bd2 b4 23. Rb1 bxc3 24. Bxc3 Bxc3 25. Qxc3 Qxc3 26. Rxc3 Nd6 27. Rb6 Ra6 28.
Rb8 Kg7 29. Rd3 Kf6 30. f4 Ke7 31. e5 Kd7 32. Rxd6+ Kc7 33. Rxc8+ Kxc8 34. Bg4
Rb6 35. Bxe6+ fxe6 36. a3 Rb2 37. Ne1 Rb3 38. Rd3 Rb1 39. Kf2 Rc1 40. Ke2 Rxc4
41. g3 Kc7 42. Kd2 Kb6 43. Nc2 Kb5 44. Rd8 h5 45. Rb8+ 1-0

[Event "Paignton Ron Bruce Premier"]
[Site "Paignton"]
[Date "2010.09.08"]
[Round "4"]
[White "Arkell, Keith C"]
[Black "Feavyour, John A"]
[Result "1-0"]
[WhiteElo "2439"]
[BlackElo "2064"]
[PlyCount "57"]
[EventDate "2010.09.05"]
[EventType "swiss"]
[EventRounds "7"]
[EventCountry "ENG"]

1. d4 d5 2. c4 c6 3. Nf3 Nf6 4. Nc3 dxc4 5. a4 Bf5 6. Nh4 Bc8 7. e3 e5 8. Bxc4
exd4 9. exd4 Bb4 10. O-O O-O 11. Qb3 Bd6 12. Nf3 h6 13. Ne5 Bxe5 14. dxe5 Nfd7
15. Bxf7+ Kh8 16. f4 Qe7 17. e6 Nc5 18. Qa3 Nba6 19. f5 Rxf7 20. exf7 Qxf7 21.
Be3 b6 22. f6 g5 23. Bxc5 Nxc5 24. b4 Ne6 25. Ne4 Nf4 26. Qb2 Be6 27. Nd6 Qg6
28. Rae1 Bd5 29. Re8+ 1-0

[Event "Paignton Ron Bruce Premier"]
[Site "Paignton"]
[Date "2010.09.08"]
[Round "4"]
[White "Bass, John"]
[Black "Wheeler, John Francis"]
[Result "1/2-1/2"]
[WhiteElo "2041"]
[BlackElo "2120"]
[PlyCount "58"]
[EventDate "2010.09.05"]
[EventType "swiss"]
[EventRounds "7"]
[EventCountry "ENG"]

1. d4 d5 2. c4 e6 3. Nc3 Nf6 4. Bg5 c6 5. cxd5 exd5 6. Qc2 Na6 7. a3 Nc7 8. e3
Ne6 9. Bh4 Be7 10. Bd3 g6 11. Nge2 O-O 12. O-O Re8 13. f3 c5 14. Bb5 Bd7 15.
Bxd7 Qxd7 16. dxc5 g5 17. Bf2 Bxc5 18. Rfd1 Rad8 19. Qf5 Qe7 20. Nb5 h6 21.
Nbd4 Nxd4 22. exd4 Bb6 23. Re1 Qe6 24. Qd3 Qd7 25. Ng3 Rxe1+ 26. Rxe1 Re8 27.
Rxe8+ Qxe8 28. Nf5 h5 29. Be3 Nh7 1/2-1/2

[Event "Paignton Ron Bruce Premier"]
[Site "Paignton"]
[Date "2010.09.08"]
[Round "4"]
[White "Brown, Alan M"]
[Black "Simons, Martin J"]
[Result "0-1"]
[WhiteElo "2106"]
[BlackElo "2178"]
[PlyCount "56"]
[EventDate "2010.09.05"]
[EventType "swiss"]
[EventRounds "7"]
[EventCountry "ENG"]

1. Nf3 d6 2. d4 Bg4 3. e4 Nf6 4. Bd3 Nbd7 5. Be3 e5 6. c3 d5 7. Nbd2 exd4 8.
cxd4 dxe4 9. Nxe4 Bb4+ 10. Kf1 Be7 11. Ng3 Nd5 12. h3 Be6 13. Nf5 Bf6 14. g4 g6
15. Ng3 Nxe3+ 16. fxe3 Nb6 17. Ne4 Be7 18. Ke2 h5 19. Ne5 Nd7 20. gxh5 Nxe5 21.
dxe5 Rxh5 22. Qa4+ Qd7 23. Qd4 Qxd4 24. exd4 O-O-O 25. Ke3 Rg8 26. Nf2 c5 27.
Be2 cxd4+ 28. Kxd4 Rd8+ 0-1

[Event "Paignton Ron Bruce Premier"]
[Site "Paignton"]
[Date "2010.09.08"]
[Round "4"]
[White "Collier, David"]
[Black "Kemp, Paul R"]
[Result "1-0"]
[WhiteElo "2115"]
[BlackElo "2106"]
[PlyCount "65"]
[EventDate "2010.09.05"]
[EventType "swiss"]
[EventRounds "7"]
[EventCountry "ENG"]

1. d4 d5 2. c4 c6 3. Nf3 Nf6 4. Nc3 e6 5. Bg5 h6 6. Bxf6 Qxf6 7. e3 Nd7 8. Qc2
Bb4 9. a3 Bxc3+ 10. Qxc3 O-O 11. Bd3 dxc4 12. Bxc4 b6 13. e4 Bb7 14. e5 Qf4 15.
Qe3 g5 16. g3 Qg4 17. h3 Qh5 18. g4 Qg6 19. Bd3 f5 20. gxf5 exf5 21. Rg1 f4 22.
Qe2 Qh5 23. Qe4 Rf7 24. Bc4 Re8 25. Bxf7+ Qxf7 26. Nxg5 hxg5 27. Rxg5+ Kh8 28.
Rf5 Qh7 29. Qxf4 Rg8 30. O-O-O c5 31. e6 Be4 32. Qxe4 Rg5 33. exd7 1-0

[Event "Paignton Ron Bruce Premier"]
[Site "Paignton"]
[Date "2010.09.08"]
[Round "4"]
[White "Dilleigh, Stephen P"]
[Black "Littlejohns, David P"]
[Result "1/2-1/2"]
[WhiteElo "2110"]
[BlackElo "2064"]
[PlyCount "79"]
[EventDate "2010.09.05"]
[EventType "swiss"]
[EventRounds "7"]
[EventCountry "ENG"]

1. d4 c6 2. c4 d5 3. Nf3 Nf6 4. e3 Bg4 5. Qb3 Qb6 6. Nc3 dxc4 7. Bxc4 Qxb3 8.
Bxb3 Bxf3 9. gxf3 e6 10. e4 Nbd7 11. Be3 Be7 12. Ke2 O-O 13. Rac1 Rfc8 14. Rhd1
Kf8 15. h3 Ke8 16. f4 a6 17. Kf3 Bb4 18. a3 Ba5 19. Rc2 Bb6 20. Rdc1 Rd8 21.
Nb1 Nf8 22. Rd2 Rac8 23. Nc3 Ba5 24. Rdc2 Bb6 25. d5 Bxe3 26. fxe3 cxd5 27.
exd5 Nxd5 28. Nxd5 Rxc2 29. Rxc2 exd5 30. Rd2 d4 31. exd4 f6 32. Re2+ Kd7 33.
f5 Kd6 34. Rc2 Re8 35. Rc1 Nd7 36. Rg1 Re7 37. Bg8 Nf8 38. Rc1 Rc7 39. Re1 Re7
40. Rc1 1/2-1/2

[Event "Paignton Ron Bruce Premier"]
[Site "Paignton"]
[Date "2010.09.08"]
[Round "4"]
[White "Hassall, Mark Ian"]
[Black "Marsh, Roger DW"]
[Result "1/2-1/2"]
[WhiteElo "1942"]
[BlackElo "2030"]
[PlyCount "25"]
[EventDate "2010.09.05"]
[EventType "swiss"]
[EventRounds "7"]
[EventCountry "ENG"]

1. e4 g6 2. d4 Bg7 3. Nc3 c6 4. Be3 d5 5. f3 dxe4 6. fxe4 e5 7. dxe5 Qxd1+ 8.
Rxd1 Bg4 9. Nf3 Nd7 10. Be2 Nxe5 11. Bd4 Nxf3+ 12. gxf3 Bxd4 13. Rxd4 1/2-1/2

[Event "Paignton Ron Bruce Premier"]
[Site "Paignton"]
[Date "2010.09.08"]
[Round "4"]
[White "Hodgson, John H"]
[Black "Wells, Jonathan C"]
[Result "1/2-1/2"]
[WhiteElo "2179"]
[BlackElo "2072"]
[PlyCount "40"]
[EventDate "2010.09.05"]
[EventType "swiss"]
[EventRounds "7"]
[EventCountry "ENG"]

1. e4 c5 2. Nf3 e6 3. d4 cxd4 4. Nxd4 Nf6 5. Nc3 d6 6. Be2 Nc6 7. Be3 Be7 8. f4
Qc7 9. O-O O-O 10. Kh1 a6 11. a4 Nxd4 12. Bxd4 e5 13. Be3 exf4 14. Bxf4 Be6 15.
Qd3 Nd7 16. Qg3 Kh8 17. Bg4 Ne5 18. Bxe6 fxe6 19. Qh3 Ng6 20. Bd2 Qc4 1/2-1/2

[Event "Paignton Ron Bruce Premier"]
[Site "Paignton"]
[Date "2010.09.08"]
[Round "4"]
[White "Milnes, Anthony CP"]
[Black "Isherwood, Paul"]
[Result "1-0"]
[WhiteElo "2075"]
[BlackElo "2017"]
[PlyCount "59"]
[EventDate "2010.09.05"]
[EventType "swiss"]
[EventRounds "7"]
[EventCountry "ENG"]

1. f4 Nf6 2. Nf3 d6 3. Nc3 Nbd7 4. e4 e5 5. Bc4 Be7 6. d3 O-O 7. O-O c6 8. a4
exf4 9. a5 Ne5 10. Bxf4 Nxc4 11. dxc4 Be6 12. Qe2 d5 13. cxd5 cxd5 14. e5 Ne8
15. Nb5 a6 16. Nbd4 Nc7 17. Qd3 Rc8 18. Qb3 Qd7 19. Bg5 Bc5 20. Kh1 Bg4 21. Be3
Bxf3 22. Rxf3 Bxd4 23. Bxd4 Ne6 24. Rd1 Rc4 25. c3 Rfc8 26. Rfd3 h6 27. Be3 d4
28. cxd4 Qd5 29. Rc3 R8c7 30. Rdc1 1-0